000 00625nam a2200205 4500
001 113512
003 ES-MaACL
005 20250820152142.0
007 t|
008 061121s1966 sp r ||||1| spa d
100 1 _aPalafox, José.
_988451
245 1 0 _aAutobiografía /
_cdon José Palafox ; preparación e introducción de J. García Mercadal.
260 _aMadrid :
_bTaurus,
_c1966.
300 _a168 p. ;
_c12 cm.
490 1 _aTemas de España
700 1 _aGarcía Mercadal, J.,
_d1883-1975
_9164264
830 0 _aTemas de España
_9180759
852 _aES-MaACL
_jC-30651
_bR.20277
999 _c113512
_d113512